000 00382nam a2200145Ia 4500
008 231129s2002||||xx |||||||||||||| ||spa||
020 _a968-18-6108-6
040 _bspa
082 _a658.314 H142m
100 _aHagemann Gisela
245 0 _aMotivación: Manual de implementación
260 _c2002
264 _aLimusa
942 _2ddc
_cBKS
999 _c21414
_d21414